| 000 | 00884cam a22002654a 4500 | ||
|---|---|---|---|
| 942 | _cBK | ||
| 999 |
_c115 _d115 |
||
| 001 | 16164214 | ||
| 003 | OSt | ||
| 005 | 20250420134756.0 | ||
| 008 | 100330s2010 orua b 001 0 eng | ||
| 010 | _a 2010013947 | ||
| 020 | _a9781590282410 (alk. paper) | ||
| 040 |
_aDLC _cDLC _dDLC |
||
| 050 | 0 | 0 |
_aQA76.73.P98 _bZ98 2010 |
| 082 | 0 | 0 |
_a005.133 _222 _bZe Py |
| 100 | 1 |
_aZelle, John M. _9461 |
|
| 245 | 1 | 0 |
_aPython programming : _ban introduction to computer science / _cJohn M. Zelle. |
| 250 | _a2nd ed. | ||
| 260 |
_aSherwood, Or. : _bFranklin, Beedle & Associates, _cc2010. |
||
| 300 |
_axiv, 514 p. : _bill. ; _c24 cm. |
||
| 504 | _aIncludes bibliographical references and index. | ||
| 520 | _a"Introduces computer programming using the Python programming language"--Provided by publisher. | ||
| 650 | 0 |
_aPython (Computer program language) _951 |
|
| 942 | _2ddc | ||